Finite element analysis (Record no. 241124)
[ view plain ]
| 000 -LEADER | |
|---|---|
| fixed length control field | 00761nam a22002417a 4500 |
| 005 - DATE AND TIME OF LATEST TRANSACTION | |
| control field | 20260404120926.0 |
| 008 - FIXED-LENGTH DATA ELEMENTS--GENERAL INFORMATION | |
| fixed length control field | 260404b |||||||| |||| 00| 0 eng d |
| 020 ## - INTERNATIONAL STANDARD BOOK NUMBER | |
| International Standard Book Number | 9780074622100 |
| 040 ## - CATALOGING SOURCE | |
| Transcribing agency | AL |
| 041 ## - LANGUAGE CODE | |
| Language code of text/sound track or separate title | English |
| 082 ## - DEWEY DECIMAL CLASSIFICATION NUMBER | |
| Classification number | 515.6 |
| Item number | KRIK |
| 100 ## - MAIN ENTRY--PERSONAL NAME | |
| Personal name | C S Krishnamoorthy |
| 100 ## - MAIN ENTRY--PERSONAL NAME | |
| 9 (RLIN) | 260203 |
| 245 ## - TITLE STATEMENT | |
| Title | Finite element analysis |
| Remainder of title | : theory and programming |
| 250 ## - EDITION STATEMENT | |
| Edition statement | 2. |
| 260 ## - PUBLICATION, DISTRIBUTION, ETC. | |
| Place of publication, distribution, etc. | Chennai |
| Name of publisher, distributor, etc. | McGraw Hill Education (India) Private Limited |
| Date of publication, distribution, etc. | 2018 |
| 300 ## - PHYSICAL DESCRIPTION | |
| Extent | xvi,710p. |
| Other physical details | PB |
| Dimensions | 22.5x15cm. |
| 365 ## - TRADE PRICE | |
| Price type code | VBI-2645 |
| Price amount | ₹667.50 |
| Currency code | ₹ |
| Unit of pricing | ₹890.00 |
| Price note | 25% |
| Price effective from | 20-02-2026 |
| 650 ## - SUBJECT ADDED ENTRY--TOPICAL TERM | |
| Topical term or geographic name entry element | Finite Element Analysis |
| 9 (RLIN) | 260204 |
| 650 ## - SUBJECT ADDED ENTRY--TOPICAL TERM | |
| Topical term or geographic name entry element | Solid Mechanics |
| 9 (RLIN) | 260205 |
| 650 ## - SUBJECT ADDED ENTRY--TOPICAL TERM | |
| Topical term or geographic name entry element | Structural Analysis |
| 9 (RLIN) | 260206 |
| 650 ## - SUBJECT ADDED ENTRY--TOPICAL TERM | |
| Topical term or geographic name entry element | Computational Mechanics |
| 9 (RLIN) | 260207 |
| 942 ## - ADDED ENTRY ELEMENTS (KOHA) | |
| Source of classification or shelving scheme | Dewey Decimal Classification |
| Koha item type | Book |
| Withdrawn status | Lost status | Source of classification or shelving scheme | Damaged status | Not for loan | Collection code | Home library | Current library | Date acquired | Source of acquisition | Cost, normal purchase price | Total Checkouts | Full call number | Barcode | Date last seen | Cost, replacement price | Price effective from | Koha item type |
|---|---|---|---|---|---|---|---|---|---|---|---|---|---|---|---|---|---|
| Dewey Decimal Classification | Information Science and Engineering | St Aloysius Engineering Library | St Aloysius Engineering Library | 03/31/2026 | Vidyarthi Books | 667.50 | 515.6 KRIK | SE000406 | 04/04/2026 | 890.00 | 02/20/2026 | Book |